Foreign investments guidelines : 6. Indonesia.
| Format: | Book |
|---|---|
| Published: |
New York:
United Nations,
1997.
|
| Subjects: |
| LEADER | 00515cam a2200145 7i4500 | ||
|---|---|---|---|
| 001 | 0000014145 | ||
| 005 | 20040701090000.0 | ||
| 090 | 0 | 0 | |a INDO 332.6 |b FOR |
| 245 | 0 | 0 | |a Foreign investments guidelines : |b 6. Indonesia. |
| 260 | 0 | 0 | |a New York: |b United Nations, |c 1997. |
| 300 | # | # | |a [v.p]. |
| 650 | 0 | 0 | |a Investments foreign -- |x Law and legislation -- |z Indonesia |
| 650 | 0 | 0 | |a Business enterprises, foreign -- |x Law and legislation -- |z Indonesia |
| 651 | 0 | 0 | |a Indonesia |
| 999 | |a 0000009094 |b Book |c Countries |e Business Information Centre | ||